01253nam a2200313 4500001000400000003000400004005001700008008004100025020001500066040000800081041001300089082001600102100002800118240002500146245008700171260003300258300001100291490003800302520040400340650002500744650003000769650001300799650001300812650001000825655001200835655001600847700003800863830003800901157OSt20250528074013.0250129b |||||||g |||| 00| 1 eng d a8501038709 bpor hengapor a813bC587so1 aClancy, Tom,d1947-2013 aThe sum of all fears aA soma de todos os medos / cClancy, Tom ; Tradução de A. B. Pinheiro de Lemos aRio de JaneirobRecordc1993 a893 p.1 aTom Clancy´s Jack RyanvLivro 08 aO enredo de A soma de todos os medos se passa na Europa, no Oriente Médio, na ex-União Soviética e nos Estados Unidos. Jack Ryan, vice-diretor da CIA, desenvolve um plano para acabar com um novo conflito no Oriente Médio. Entre os seus inimigos está Liz Elliot, conselheira do presidente, e os terroristas árabes, que descobrem uma bomba atômica perdida e fazem planos surpreendentes.  0aLiteratura Americana 0aCrime e Investigação  0aAção 0aSuspense 0aFilme 0aRomance 0aFicção  aA. B. Pinheiro de LemoseTradutor aTom Clancy´s Jack RyanvLivro 08